| 000 | 01508nam a2200205 a 4500 | ||
|---|---|---|---|
| 001 | 000003850 | ||
| 005 | 20240311204353.0 | ||
| 008 | 090714s2000 dr a 001 0 spa d | ||
| 040 |
_aDO-SdBNP _bspa _cBNPHU |
||
| 082 |
_axxxx _bxxxx |
||
| 100 | 1 |
_aGómez García-Argüelles, Ricardo _911631 |
|
| 245 | 1 | 0 |
_aExplicación a las modificaciones de la nomenclatura del arancel de aduanas de la República Dominicana : _bintroducción de las modificaciones del sistema armonizado 1996 y de su versión única en español / _cRicardo Gómez García Agüelles, Gabino José Polanco ; presentación Celenia Vidal P. |
| 260 |
_aSanto Domingo : _bINCAT, _c2000. |
||
| 300 |
_a211 p. : _bil. ; _c25 cm. |
||
| 500 | _aIncluye datos biográficos de los autores en la contracubierta | ||
| 505 | 2 | _aOrganización Mundial de Aduanas (O.M.A) -- Origen de la actualización del sistema armonizado (S.A) -- Alcance general de las modificaciones -- Asignación de códigos numéricos a las subpartidas modificadas -- Evolución del arancel dominicano de aduanas -- Sector agrícola -- Sector químico -- Pieles, cuero, madera, papel -- Materias textiles, calzado -- Manufacturas de piedra, vidrio, metal precioso -- Metales comunes -- Máquinas, material eléctrico -- Material de transporte -- Instrumentos de óptica, de relojería, de música -- Productos diversos, objetos de arte. | |
| 700 | 1 | 2 |
_aPolanco, Gabino José _911632 |
| 710 | 2 | 2 |
_aInstituto de Capacitación Tributaria (República Dominicana) _973226 |
| 049 | _aBNPD | ||
| 999 |
_c3672 _d3672 |
||